Turismo fluvial en la Amazonía : (Registro nro. 19676)

Detalles MARC
000 -CABECERA
Campo de control 00941nam a2200241 a 4500
005 - FECHA Y HORA DE LA ULTIMA TRANSACCION
Campo de control 20200104041757.0
008 - ELEMENTOS DE LONGITUD FIJA—INFORMACION GENERAL
Campo de control 170621s2013 ck ao|||r|||| 00| 0 spa d
020 ## - ISBN
ISBN 9789588554273
040 ## - FUENTE DE CATALOGACIÓN
Agencia catalogadora original CO-BoIAVH
Agencia transcriptora CO-BoIAVH
041 0# - IDIOMA
Código de idioma para texto/pista de sonido o título separado Español
044 ## - PAÍS DE PUBLICACIÓN
País de publicación Colombia
082 04 - NUMERO DE CLASIFICACION DECIMAL DEWEY
Número de clasificación 918.04
Número del ítem T86t
100 1# - ASIENTO PRINCIPAL--NOMBRE PERSONAL
Nombre personal Trujillo, Fernando
Término relacionado autor
9 (RLIN) 366
245 10 - MENCION DE TITULO
Título Turismo fluvial en la Amazonía :
Parte restante del título principales atractivos /
Mención de responsabilidad Fernando Trujillo, Antje Chiu Werner y José Saulo Usma O.
260 ## - PUBLICACION, DISTRIBUCION, ETC. (PIE DE IMPRENTA)
Lugar de publicación, distribución, etc. Bogotá (Colombia) :
Nombre del editor, distribuidor, etc. Fundación Omacha :
-- WWF,
Fecha de publicación, distribución, etc. 2013.
300 ## - DESCRIPCION FISICA
Extensión 112 páginas :
Otros detalles físicos ilustraciones a color y fotografías a color ;
Dimensiones 20 x 22 cm.
650 26 - ASIENTO SECUNDARIO DE MATERIA - TERMINO TEMATICO
Término temático o nombre geográfico como elemento de entrada Turismo
Subdivisión geográfica Amazonía (Región, América del Sur)
9 (RLIN) 82178
651 #6 - ASIENTO SECUNDARIO DE MATERIA - NOMBRE GEOGRAFICO
Nombre geográfico Amazonía (Región, América del Sur)
Subdivisión general Ecoturismo
9 (RLIN) 82179
700 1# - ASIENTO SECUNDARIO - NOMBRE PERSONAL
Nombre personal Chiu-Werner, Antje
Término de relación autor
9 (RLIN) 82176
700 1# - ASIENTO SECUNDARIO - NOMBRE PERSONAL
Nombre personal Usma Oviedo, José Saulo
Término de relación autor
9 (RLIN) 5094
710 2# - ASIENTO SECUNDARIO - NOMBRE CORPORATIVO
Nombre corporativo o de jurisdicción como elemento de entrada Fundación Omacha
9 (RLIN) 101053
942 ## - ELEMENTOS ADICIONALES (KOHA)
Sistema de clasificación Dewey Decimal Classification
Tipo de ítem Libro
Existencias
Withdrawn status Lost status Sistema de Clasificación Damaged status No para préstamo Colección Inventariado Ubicación Permanente Ubicación actual Fecha de adquisición Fuente de Valor Valor Total Checkouts Número topográfico Inventario / Código de Barras Date last seen Ejemplar Price effective from Forma de adquisición Tipo de material
    Dewey Decimal Classification     General Inventariado 2017 Bogotá Bogotá 21/06/2017 Instituto 39000.00   LB-918.04 T86t 041485 21/06/2017 Ej. 1 21/06/2017 Donación Libro
    Dewey Decimal Classification     General   Bogotá Bogotá 10/01/2018       LB-918.04 T86t 043444 10/01/2018 Ej. 2 10/01/2018 Donación Libro